000 01343nam0a2200325 4500
001 RU\NLR\bibl\835294
005 20250614143120.0
010 _a5-8112-1352-2
_95000
021 _aRU
_b2005-44494
_92189
035 _a(NLR Aleph) 000824137
090 _a1319858
_c1319858
100 _a20050831d2005 |||y0rusy50 ca
101 0 _arus
102 _aRU
105 _ay |||||||||
200 1 _aМетодические рекомендации по ведению делопроизводства в ДОУ
_f[авт.-сост. И.Н. Савина, В.Н. Сидоренко]
210 _aМосква
_cАйрис-пресс
_d2005
215 _a57, [2] с.
_d20
225 1 _aДошкольное воспитание и развитие
320 _aБиблиогр.: с. 57-58 (36 назв.) и в подстроч. прим.
606 1 _aДошкольные учреждения
_jМетодические пособия
_xДелопроизводство
_92263665
_3RU\NLR\auth\661357094
686 _aЧ411.47
702 1 _4220
_aСавина
_bИ. А.
_cканд. пед. наук
_gИнна Александровна
_9187070
_3RU\NLR\AUTH\770187121
801 0 _aRU
_bNLR
_c20050831
_grcr
801 1 _aRU
_bNLR
_c20050831
830 _aсост. по эк
942 _cBOOK
980 _aNB